| 000 | 00833nam a22002057a 4500 | ||
|---|---|---|---|
| 008 | 110919s2004 nyu|||||r|||| 001 0 eng d | ||
| 020 | _a0071241337 | ||
| 020 | _a9780071241335 | ||
| 082 |
_222 _a618.97 _bCUR |
||
| 245 |
_aCurrent Geriatric Diagnosis and Treatment / _cEdited by Charles Seth Landefeld; et al |
||
| 260 |
_aNew York : _b Lange Medical Books/McGraw-Hill, 2004. _c2004 |
||
| 300 |
_axiii, 558 p. : _b ill. ; _c23 cm. |
||
| 500 | _a"A LANGE medical book." | ||
| 500 | _aIncludes index | ||
| 650 |
_927268 _aGeriatrics _xDiagnosis |
||
| 653 |
_bNUR _cSeptember2011 |
||
| 700 |
_927267 _aLandefeld, C. Seth |
||
| 942 |
_2ddc _cNRB |
||
| 999 |
_c16057 _d16057 |
||